Radioécologie des milieux aquatiques: la polllution radioactive et ses conséquences écologiques

Salvato in:
Dettagli Bibliografici
Autori principali: Amiard-Triquet, C (Autore), Amiard, C. J (Autore)
Natura: Libro
Lingua:francese
Pubblicazione: París Masson 1980
Serie:Ecologie appliquée et sciences de l'environnement, 1
Soggetti:
Tags: Aggiungi Tag
Nessun Tag, puoi essere il primo ad aggiungerne!!

MARC

LEADER 00000nam a2200000 a 4500
001 UCV5250
003 CL-VaPUC
008 920930e19800000FR |||||||||||||||||fre|d
082 0 4 |a 628.1685  |b AMI  |2 21 
100 0 |a Amiard-Triquet, C  |e author  |9 299572 
700 0 |a Amiard, C. J  |e author  |9 299573 
245 1 0 |a Radioécologie des milieux aquatiques: la polllution radioactive et ses conséquences écologiques 
300 |a 191 p 
942 |c BK 
945 |d 19920930 00:00:00 
260 |a París  |b Masson  |c 1980 
650 7 |a CONTAMINACION RADIACTIVA DEL AGUA  |2 CL-VaPUC  |9 261935 
650 7 |a CONTAMINACION RADIACTIVA DEL MAR  |2 CL-VaPUC  |9 261936 
583 |a last modification  |c 19920930 00:00:00  |k Rodrigo Vera 
490 0 |a Ecologie appliquée et sciences de l'environnement, 1 
999 |c 211828  |d 211826